UBT Library

A simple guide to IBM SPSS statistics for versions 18.0 & 19.0 / (Record no. 42682)

000 -LEADER
fixed length control field 00820cam a22002534a 4500
001 - CONTROL NUMBER
control field 16759655
005 - DATE AND TIME OF LATEST TRANSACTION
control field 20180215084503.0
008 - FIXED-LENGTH DATA ELEMENTS--GENERAL INFORMATION
fixed length control field 110502s2012 at a 000 0 eng d
010 ## - LIBRARY OF CONGRESS CONTROL NUMBER
LC control number 2011928736
020 ## - INTERNATIONAL STANDARD BOOK NUMBER
International Standard Book Number 9781111352684
020 ## - INTERNATIONAL STANDARD BOOK NUMBER
International Standard Book Number 1111352682
035 ## - SYSTEM CONTROL NUMBER
System control number (OCoLC)ocn651908583
040 ## - CATALOGING SOURCE
Original cataloging agency BTCTA
Language of cataloging eng
Transcribing agency BTCTA
Modifying agency YDXCP
-- BWX
-- CBU
-- LML
-- DLC
041 ## - LANGUAGE CODE
Language code of text/sound track or separate title eng
042 ## - AUTHENTICATION CODE
Authentication code lccopycat
080 ## - UNIVERSAL DECIMAL CLASSIFICATION NUMBER
Universal Decimal Classification number 004 KIR
082 ## - DEWEY DECIMAL CLASSIFICATION NUMBER
Classification number 004 KIR
100 1# - Rafti
Rafti 28
101 ## - Shkurtesa
Shkurtesa SHK
245 12 - TITLE STATEMENT
Title A simple guide to IBM SPSS statistics for versions 18.0 & 19.0 /
Statement of responsibility, etc Lee A. Kirkpatrick, Brooke C. Feeney.
906 ## - LOCAL DATA ELEMENT F, LDF (RLIN)
a 7
b cbc
c copycat
d 3
e ncip
f 20
g y-gencatlg
942 ## - ADDED ENTRY ELEMENTS (KOHA)
Source of classification or shelving scheme
Item type Books
Holdings
Withdrawn status Lost status Source of classification or shelving scheme Damaged status Not for loan Collection code Permanent location Current location Shelving location Date acquired Total Checkouts Full call number Barcode Date last seen Price effective from Koha item type
          Koleksioni i përgjithshem UBT - Lipjan UBT - Lipjan Koleksioni i përgjithshem 02/15/2018   004 KIR 002-2998515 02/15/2018 02/15/2018 Books
          Koleksioni i përgjithshem UBT - Lipjan UBT - Lipjan Koleksioni i përgjithshem 02/15/2018   004 KIR 002-2998510 02/15/2018 02/15/2018 Books
UBT Library © 2015-2024. All rights reserved University Education for Business and Technology